The complete shorter fiction
Tuyển chọn những truyện ngắn Mỹ cùng tác giả thế kỷ 19.: The Piazza Tables, Uncollected stories and sketches, Billy Budd, Sailor.
Đã lưu trong:
| Tác giả chính: | |
|---|---|
| Định dạng: | Sách |
| Năm xuất bản: |
Anh
David Campbell
1997
|
| Chủ đề: | |
| Tags: |
Thêm thẻ
Không có thẻ, Hãy là người đầu tiên gắn thẻ bản ghi này!
|
| LEADER | 00706nam a2200157 4500 | ||
|---|---|---|---|
| 082 | |a 420 |b M200L | ||
| 100 | |a Melville, Herman | ||
| 245 | |a The complete shorter fiction |c Herman Melvillen ; John Updike introduced | ||
| 260 | |a Anh |b David Campbell |c 1997 | ||
| 300 | |a 478 tr. |c 21 cm | ||
| 520 | |a Tuyển chọn những truyện ngắn Mỹ cùng tác giả thế kỷ 19.: The Piazza Tables, Uncollected stories and sketches, Billy Budd, Sailor. | ||
| 653 | |a Ngôn ngữ | ||
| 653 | |a Tiếng Anh | ||
| 942 | |2 ddc |c SH | ||
| 999 | |c 5438 |d 5438 | ||
| 952 | |0 0 |1 0 |2 ddc |4 0 |6 420_000000000000000_M200L |7 0 |8 400 |9 51279 |a qbu |b qbu |c D4 |d 2014-12-24 |g 398000 |o 420 M200L |p 3243.C1 |r 0000-00-00 |w 2014-12-24 |y SH |0 0 |6 420_000000000000000_M200L | ||